| 000 | 01813nam a2200265 a 4500 | ||
|---|---|---|---|
| 001 | BS0003203 | ||
| 003 | BR-BrBNA | ||
| 005 | 20230731114816.0 | ||
| 008 | 230308b |||||||| |||| 00| 0 por d | ||
| 040 |
_aBR-BrBNA _bpor _cBiblioteca Nacional de Agricultura |
||
| 041 | _apor | ||
| 072 | _aB59 | ||
| 090 | _aB59 BS0003203 | ||
| 100 | 1 | _aKardec. Allan | |
| 245 | 1 | _aO evangelho segundo o espiritismo / | |
| 250 | 1 | _a55. ed. | |
| 260 | 3 |
_aSão Paulo, SP: _bLake, _c2000. |
|
| 300 | _a351 p. | ||
| 500 | _aTraduzido por J. Herculano Pires. | ||
| 520 | 3 | _aContendo: a explicação das máximas do Cristo, sua concordância com o Espiritismo e sua aplicação às diversas situações da vida. Podemos dividir as matérias contidas nos Evangelhos em cinco partes: 1. Os atos comuns da vida do Cristo; 2. Os milagres; 3. As profecias; 4. As palavras da Igreja; 5. O ensino moral. Se as quatro primeiras partes têm sido objeto de discussões, a última permanece inatacável. Diante desse código divino, a própria incredulidade se curva. É o terreno em que todos podem abrigar-se, por mais diferentes que sejam as suas crenças. Se o ensino moral fosse discutido, as religiões teriam, aliás, encontrado nele a sua própria condenação, porque a maioria delas se apegaram mais à parte mística do que à parte moral, que exige a reforma de cada um. Para os homens, em particular, é uma regra de conduta, que abrange todas as circunstâncias da vida privada e pública, o princípio de todas as relações fundadas na mais rigorosa justiça. Dessa forma, foram reunidos nesta obra os trechos que podem constituir, propriamente falando, um código de moral universal, sem distinção de cultos. | |
| 650 | _aESPIRITISMO | ||
| 650 | _aEVANGELHO | ||
| 650 | _aLITERATURA ESPÍRITA | ||
| 942 |
_cBK _2AGRIS |
||
| 999 |
_c8266 _d8266 |
||